MARC

LEADER 00000nam0a2200000 4500
001 22135
005 20231030194534.0
010 |a 5836500193 
035 |a (RuTPU)RU\TPU\book\22347 
035 |a BOOK00000109 
090 |a 22135 
100 |a 20011209d1999 m y0rusy50 ca 
101 0 |a rus 
102 |a RU 
105 |a a j 000zy 
200 1 |a Гидродинамика в разведочном бурении  |e учебное пособие для вузов  |f Н. А. Гукасов, О. С. Брюховецкий, В. Ф. Чихоткин 
210 |a Москва  |c Недра  |d 1999 
215 |a 304 с.  |c ил. 
225 1 |a Учебное пособие 
610 1 |a геология 
610 1 |a полезные ископаемые 
610 1 |a разведочное бурение 
610 1 |a гидродинамика 
610 1 |a учебные пособия 
610 1 |a гидравлические программы 
610 1 |a жидкость 
610 1 |a геологические свойства 
610 1 |a гидравлические расчеты 
675 |a 550.822.7(075.8)  |v 3 
700 1 |a Гукасов  |b Н.А.  |g Николай Аванесович 
701 1 |a Брюховецкий  |b О. С.  |g Олег Степанович 
701 1 |a Чихоткин  |b В. Ф.  |g Виктор Федорович 
801 0 |a RU  |b 63413507  |c 20011209  |g PSBO 
801 2 |a RU  |b 63413507  |c 20110818  |g PSBO 
900 |a Моделирование буровых процессов 
942 |c BK